[Event "Schloss op 1st"]
[Site "Heusenstamm"]
[Date "2014.11.22"]
[Round "5.8"]
[White "Henrich, David"]
[Black "Carow, Johannes"]
[Result "1/2-1/2"]
[WhiteElo "2093"]
[BlackElo "2398"]
[PlyCount "56"]
[EventDate "2014.11.??"]
[EventType "swiss"]
[EventRounds "7"]
[EventCountry "GER"]
[WhiteTeam "SK Niederbrechen 1948"]
[BlackTeam "SF Heidesheim"]

1. c4 e5 2. g3 Nf6 3. Bg2 d5 4. cxd5 Nxd5 5. Nc3 Nb6 6. Nf3 Nc6 7. O-O Be7 8.
d3 O-O 9. Be3 Be6 10. d4 exd4 11. Nxd4 Nxd4 12. Bxd4 Qc8 13. Qc2 Bh3 14. Bxh3
Qxh3 15. Qe4 Rfe8 16. Bxb6 axb6 17. Qxb7 Qc8 18. Qxc8 Raxc8 19. Nd5 Bc5 20. b4
Bf8 21. Rac1 Rxe2 22. Nxb6 Rd8 23. Rxc7 Bxb4 24. Rb1 Bd6 25. Rc6 Rxa2 26. Rd1
Be7 27. Rxd8+ Bxd8 28. Rc8 Rd2 1/2-1/2

[Event "Schloss op 1st"]
[Site "Heusenstamm"]
[Date "2014.11.22"]
[Round "5.9"]
[White "Werner, Dimo"]
[Black "Klundt, Klaus"]
[Result "0-1"]
[WhiteElo "2083"]
[BlackElo "2320"]
[PlyCount "60"]
[EventDate "2014.11.??"]
[EventType "swiss"]
[EventRounds "7"]
[EventCountry "GER"]
[WhiteTeam "TSV Schott Mainz"]
[BlackTeam "SC Heusenstamm"]

1. d4 d5 2. Nf3 Nf6 3. c4 c6 4. e3 e6 5. Bd3 Nbd7 6. O-O dxc4 7. Bxc4 Bd6 8.
Nbd2 O-O 9. b3 e5 10. dxe5 Nxe5 11. Be2 Qe7 12. Bb2 Rd8 13. Nxe5 Bxe5 14. Bxe5
Qxe5 15. Nf3 Qa5 16. Qc2 Bf5 17. Qb2 Bd3 18. Bxd3 Rxd3 19. Ne5 Rd5 20. Nf3 Rad8
21. h3 Ne4 22. Rac1 Nd2 23. Nxd2 Rxd2 24. Rc2 h6 25. Rfc1 Rd1+ 26. Rxd1 Rxd1+
27. Kh2 Qc7+ 28. g3 Qd6 29. Qc3 Qd5 30. Qc4 Qh1# 0-1

[Event "Schloss op 1st"]
[Site "Heusenstamm"]
[Date "2014.11.22"]
[Round "5.10"]
[White "Cordes, Hans Joerg"]
[Black "Schulte, Marius"]
[Result "1/2-1/2"]
[WhiteElo "2243"]
[BlackElo "2081"]
[PlyCount "53"]
[EventDate "2014.11.??"]
[EventType "swiss"]
[EventRounds "7"]
[EventCountry "GER"]
[WhiteTeam "VSG 1880 Offenbach"]
[BlackTeam "SK Gruendau"]

1. d4 d5 2. c4 c6 3. Nf3 Nf6 4. e3 e6 5. Nc3 Nbd7 6. Qc2 Bd6 7. Bd3 dxc4 8.
Bxc4 e5 9. O-O O-O 10. e4 exd4 11. Nxd4 Nb6 12. Nce2 Nxc4 13. Qxc4 Qe7 14. f3
c5 15. Nb5 Be6 16. Qc2 Bb8 17. Bf4 a6 18. Nbc3 Bc4 19. Rfd1 Bxe2 20. Nxe2 Be5
21. Rd2 Rfd8 22. Rad1 Rxd2 23. Qxd2 h6 24. Ng3 Bxf4 25. Qxf4 Rd8 26. Rd2 Rxd2
27. Qxd2 1/2-1/2

[Event "Schloss op 1st"]
[Site "Heusenstamm"]
[Date "2014.11.22"]
[Round "5.11"]
[White "Rosenberger, Frank"]
[Black "Baskin, Robert"]
[Result "0-1"]
[WhiteElo "2067"]
[BlackElo "2212"]
[PlyCount "54"]
[EventDate "2014.11.??"]
[EventType "swiss"]
[EventRounds "7"]
[EventCountry "GER"]
[WhiteTeam "SK 1980 Gernsheim"]
[BlackTeam "TuS Makkabi Frankfurt"]

1. e4 c5 2. Nf3 d6 3. d4 cxd4 4. Nxd4 Nf6 5. Nc3 a6 6. Bc4 e6 7. Bb3 b5 8. O-O
Be7 9. Qf3 Qc7 10. Qg3 Nc6 11. Nxc6 Qxc6 12. Re1 Bb7 13. Qxg7 Rg8 14. Qh6 O-O-O
15. f3 Rg6 16. Qe3 Rdg8 17. Re2 Nh5 18. Qd3 Qc5+ 19. Be3 Qe5 20. a4 b4 21. Qc4+
Kb8 22. Qxb4 Nf4 23. Bxf4 Qxf4 24. Rf1 a5 25. Qxa5 d5 26. Nb5 Bc5+ 27. Kh1
Qxh2+ 0-1

[Event "Schloss op 1st"]
[Site "Heusenstamm"]
[Date "2014.11.22"]
[Round "5.12"]
[White "Eichner, Christian"]
[Black "Heider, Martin"]
[Result "0-1"]
[WhiteElo "2058"]
[BlackElo "2132"]
[PlyCount "98"]
[EventDate "2014.11.??"]
[EventType "swiss"]
[EventRounds "7"]
[EventCountry "GER"]
[WhiteTeam "SV TuR Dresden"]
[BlackTeam "SC Herxheim"]

1. e4 c6 2. d4 d5 3. Nc3 dxe4 4. Nxe4 Bf5 5. Ng3 Bg6 6. h4 h6 7. Nf3 Nd7 8. h5
Bh7 9. Bd3 Bxd3 10. Qxd3 e6 11. Bf4 Qa5+ 12. Bd2 Bb4 13. c3 Be7 14. c4 Qc7 15.
O-O-O Ngf6 16. Ne4 Rd8 17. Kb1 c5 18. Bc3 cxd4 19. Nxd4 a6 20. Qe2 Qf4 21.
Nxf6+ Nxf6 22. g3 Qe4+ 23. Qc2 Qxc2+ 24. Kxc2 Ne4 25. Be1 Bf6 26. f3 Nxg3 27.
Bxg3 Bxd4 28. Bh4 Bf6 29. Bxf6 gxf6 30. Rxd8+ Kxd8 31. Rg1 Ke7 32. b4 e5 33. a4
Rd8 34. a5 Rd4 35. Rg4 Rd8 36. Rg7 f5 37. Kc3 Kf6 38. Rg2 e4 39. fxe4 fxe4 40.
Rg4 Ke5 41. Rg7 Rd7 42. b5 axb5 43. cxb5 e3 44. Rg8 Kf4 45. a6 bxa6 46. bxa6 e2
47. Re8 Kf3 48. Re5 f5 49. Kc2 f4 0-1

[Event "Schloss op 1st"]
[Site "Heusenstamm"]
[Date "2014.11.22"]
[Round "5.13"]
[White "Simon, Eric"]
[Black "Carow, Annelen"]
[Result "0-1"]
[WhiteElo "2114"]
[BlackElo "2034"]
[PlyCount "96"]
[EventDate "2014.11.??"]
[EventType "swiss"]
[EventRounds "7"]
[EventCountry "GER"]
[WhiteTeam "SV Bannewitz"]
[BlackTeam "SF Heidesheim"]

1. d4 Nf6 2. Nf3 d6 3. g3 Nbd7 4. Bg2 c6 5. O-O e5 6. c4 Qc7 7. Nc3 Be7 8. Qc2
O-O 9. b3 Ne8 10. e4 g6 11. Bh6 Ng7 12. d5 c5 13. Rae1 f6 14. a4 Nb8 15. Nh4
Rf7 16. Qd2 a6 17. f4 exf4 18. gxf4 Nd7 19. Nf3 Qd8 20. Kh1 Qc7 21. Qe2 Qa5 22.
Qe3 Qc7 23. Na2 b6 24. Nc1 Rb8 25. Nd3 b5 26. Bh3 bxc4 27. bxc4 Nb6 28. Bxc8
Rxc8 29. Bxg7 Kxg7 30. Nb2 Rcf8 31. a5 Nd7 32. Qc3 Qb7 33. Ng5 Rb8 34. Nd1 Rff8
35. Ne6+ Kg8 36. Nxf8 Bxf8 37. Re2 Qb4 38. Rf3 Bh6 39. Rb2 Qxc3 40. Rxb8+ Nxb8
41. Nxc3 Nd7 42. Na4 f5 43. Nb6 fxe4 44. Nxd7 exf3 45. Nb8 Bxf4 46. Nxa6 Bd2
47. Nb4 cxb4 48. a6 Be3 0-1

[Event "Schloss op 1st"]
[Site "Heusenstamm"]
[Date "2014.11.22"]
[Round "5.14"]
[White "Alber, Horst"]
[Black "Ovsepyan, Mikhail"]
[Result "1-0"]
[WhiteElo "2305"]
[BlackElo "1692"]
[PlyCount "29"]
[EventDate "2014.11.??"]
[EventType "swiss"]
[EventRounds "7"]
[EventCountry "GER"]
[WhiteTeam "SK Marburg 1931/72"]
[BlackTeam "Sfr Frankfurt 1921"]

1. d4 e6 2. c4 d5 3. Nc3 dxc4 4. Nf3 Nd7 5. e4 Nb6 6. Bxc4 Nxc4 7. Qa4+ Qd7 8.
Qxc4 Bd6 9. Bg5 f6 10. Be3 b6 11. O-O-O Bb7 12. e5 Be7 13. d5 Kf7 14. exf6 Kxf6
15. Qf4+ 1-0

[Event "Schloss op 1st"]
[Site "Heusenstamm"]
[Date "2014.11.22"]
[Round "5.15"]
[White "Von Rahden, Arvid"]
[Black "Kropp, Volker"]
[Result "1/2-1/2"]
[WhiteElo "2190"]
[BlackElo "2025"]
[PlyCount "30"]
[EventDate "2014.11.??"]
[EventType "swiss"]
[EventRounds "7"]
[EventCountry "GER"]
[WhiteTeam "SC Heusenstamm"]
[BlackTeam "SV Mainz Mombach"]

1. e4 c5 2. Nc3 a6 3. g3 b5 4. Bg2 Bb7 5. d3 e6 6. Be3 Qc7 7. Qd2 Nf6 8. h3 d6
9. Nge2 Be7 10. O-O Nbd7 11. Rae1 O-O 12. g4 d5 13. exd5 Nxd5 14. Nxd5 Bxd5 15.
Bxd5 exd5 1/2-1/2

[Event "Schloss op 1st"]
[Site "Heusenstamm"]
[Date "2014.11.22"]
[Round "5.16"]
[White "Schreiner, Roland"]
[Black "De Silva, Joel Niels"]
[Result "0-1"]
[WhiteElo "2150"]
[BlackElo "2018"]
[PlyCount "98"]
[EventDate "2014.11.??"]
[EventType "swiss"]
[EventRounds "7"]
[EventCountry "GER"]
[WhiteTeam "SC Heusenstamm"]
[BlackTeam "SV Hockenheim"]

1. d4 d5 2. c4 c6 3. Nc3 Nf6 4. Nf3 e6 5. e3 Nbd7 6. Bd3 dxc4 7. Bxc4 b5 8. Bd3
a6 9. O-O Bb7 10. e4 c5 11. e5 Nd5 12. Ne4 h6 13. Bd2 c4 14. Bc2 N7b6 15. Ba5
Rc8 16. Rc1 Qd7 17. a3 Bc6 18. Nh4 Be7 19. Qg4 g5 20. Nf3 h5 21. Qg3 Nf4 22.
Rfe1 Bxe4 23. Rxe4 Nbd5 24. h4 g4 25. Ng5 Bxg5 26. hxg5 Ng6 27. f4 Nge7 28. Re2
Nc6 29. Bc3 Nce7 30. Rf1 Nf5 31. Qe1 Rc6 32. Be4 Kf8 33. Bxf5 exf5 34. Qd2 Kg7
35. Kf2 Kg6 36. Rh1 Qe6 37. Qc1 h4 38. Kf1 Rcc8 39. Be1 Rh7 40. Rxh4 Rxh4 41.
Bxh4 c3 42. b4 Rh8 43. Bf2 g3 44. Bg1 Rh4 45. Rc2 Rxf4+ 46. Ke1 Re4+ 47. Re2
Rxe2+ 48. Kxe2 Qc6 49. Kf3 Ne3+ 0-1

[Event "Schloss op 1st"]
[Site "Heusenstamm"]
[Date "2014.11.22"]
[Round "5.17"]
[White "Schupp, Tobias"]
[Black "Schneider, Johannes"]
[Result "1-0"]
[WhiteElo "2130"]
[BlackElo "2001"]
[PlyCount "69"]
[EventDate "2014.11.??"]
[EventType "swiss"]
[EventRounds "7"]
[EventCountry "GER"]
[WhiteTeam "SK Niederbrechen 1948"]
[BlackTeam "SV Mainz Mombach"]

1. e4 c5 2. Nf3 e6 3. g3 Nc6 4. Bg2 Be7 5. O-O Qc7 6. Nc3 a6 7. d4 cxd4 8. Nxd4
Nxd4 9. Qxd4 Bf6 10. Qd3 Ne7 11. Bf4 e5 12. Be3 O-O 13. a4 b6 14. Rfd1 Qc6 15.
Qd6 Qxd6 16. Rxd6 Nc6 17. Bxb6 Be7 18. Rdd1 Rb8 19. a5 Bd8 20. Nd5 Re8 21. c3
d6 22. b4 Kf8 23. Nc7 Re7 24. Rxd6 Bxc7 25. Rxc6 Bxb6 26. Rxb6 Ra8 27. c4 Rc7
28. c5 Rd7 29. Bh3 Rd4 30. Bxc8 Rxc8 31. b5 Rxc5 32. bxa6 Rd8 33. a7 Rcc8 34.
Rab1 Ra8 35. Rb8 1-0

[Event "Schloss op 1st"]
[Site "Heusenstamm"]
[Date "2014.11.22"]
[Round "5.18"]
[White "Schultze, Joerg Martin"]
[Black "Holzschuh, Gerald"]
[Result "1/2-1/2"]
[WhiteElo "2011"]
[BlackElo "2118"]
[PlyCount "108"]
[EventDate "2014.11.??"]
[EventType "swiss"]
[EventRounds "7"]
[EventCountry "GER"]
[WhiteTeam "SF Anderssen Wetzlar"]
[BlackTeam "SC Bad Nauheim"]

1. d4 d5 2. c4 e6 3. Nc3 c5 4. e3 Nf6 5. Nf3 Nc6 6. Be2 a6 7. O-O Bd6 8. b3 O-O
9. Bb2 dxc4 10. bxc4 Qe7 11. d5 Ne5 12. Nxe5 Bxe5 13. f4 Bxc3 14. Bxc3 exd5 15.
Bxf6 Qxf6 16. cxd5 Re8 17. Qd2 b5 18. Bf3 Bf5 19. Rfe1 Rad8 20. Rac1 c4 21. e4
Qb6+ 22. Qf2 Qxf2+ 23. Kxf2 Bc8 24. Re3 Bb7 25. g4 f6 26. a4 Rc8 27. e5 Rc5 28.
d6 Bc8 29. Rd1 c3 30. Bd5+ Kf8 31. e6 Rxd5 32. Rxd5 c2 33. Rc5 Bxe6 34. Rxc2
Bxg4 35. axb5 axb5 36. Rb2 Bd7 37. Rxe8+ Kxe8 38. Ke3 g5 39. fxg5 fxg5 40. Kd4
h5 41. Ke5 g4 42. Ra2 h4 43. Ra8+ Kf7 44. Ra7 Ke8 45. Kf6 Kd8 46. Ra8+ Bc8 47.
Rb8 g3 48. hxg3 hxg3 49. Rxb5 Kd7 50. Ke5 g2 51. Rb1 Ba6 52. Rg1 Bb7 53. Ra1
Ba6 54. Rg1 Bb7 1/2-1/2

[Event "Schloss op 1st"]
[Site "Heusenstamm"]
[Date "2014.11.22"]
[Round "5.19"]
[White "Rolf, Marco"]
[Black "Hoti, Safet"]
[Result "1/2-1/2"]
[WhiteElo "1985"]
[BlackElo "2107"]
[PlyCount "81"]
[EventDate "2014.11.??"]
[EventType "swiss"]
[EventRounds "7"]
[EventCountry "GER"]
[WhiteTeam "SK Bad Homburg 1927"]
[BlackTeam "SC Heusenstamm"]

1. d4 Nf6 2. c4 g6 3. Nc3 Bg7 4. e4 d6 5. f4 O-O 6. Nf3 Bg4 7. Be2 c5 8. d5 Na6
9. O-O Nc7 10. h3 Bd7 11. g4 a6 12. e5 Nfe8 13. a4 Rb8 14. Ne4 h6 15. Qc2 f5
16. exf6 exf6 17. Nh4 f5 18. Nxg6 fxe4 19. Nxf8 Kxf8 20. Qxe4 Qh4 21. Ra3 Bd4+
22. Kg2 Nf6 23. Qf3 Re8 24. Be3 Ne4 25. Bxd4 cxd4 26. Rd3 Qf6 27. g5 Qg7 28.
Qh5 Nf6 29. Qf3 Bf5 30. Kh2 Ng8 31. Rd2 Re3 32. Qf2 Rxh3+ 33. Kg1 hxg5 34. fxg5
Qxg5+ 35. Qg2 Qe3+ 36. Qf2 Rg3+ 37. Kh2 Rh3+ 38. Kg1 Qg5+ 39. Qg2 Qe3+ 40. Qf2
Qg5+ 41. Qg2 1/2-1/2

[Event "Schloss op 1st"]
[Site "Heusenstamm"]
[Date "2014.11.22"]
[Round "5.20"]
[White "Kreiling, Carsten"]
[Black "Nixdorf, Andre"]
[Result "1/2-1/2"]
[WhiteElo "2097"]
[BlackElo "1977"]
[PlyCount "88"]
[EventDate "2014.11.??"]
[EventType "swiss"]
[EventRounds "7"]
[EventCountry "GER"]
[WhiteTeam "SVG Eppstein 1932"]
[BlackTeam "SK Norderstedt"]

1. d4 d5 2. c4 c6 3. Nc3 Nf6 4. cxd5 cxd5 5. Bf4 Nc6 6. e3 Bf5 7. Nf3 e6 8. Qb3
Qb6 9. Qxb6 axb6 10. Bb5 Bb4 11. Ne5 Bxc3+ 12. bxc3 O-O 13. Bxc6 bxc6 14. Nxc6
Kh8 15. O-O Rfc8 16. Ne7 Rxc3 17. Nxf5 exf5 18. Rfb1 Rc6 19. h3 h6 20. Rb2 Ne4
21. f3 Nc3 22. Bg3 Ra4 23. Be1 Rac4 24. Bxc3 Rxc3 25. Re1 Rc1 26. Rxc1 Rxc1+
27. Kf2 Rc6 28. f4 g6 29. Kf3 Kg7 30. Rb5 Rd6 31. Rb3 Rc6 32. Ra3 h5 33. Ra6
Kf6 34. a4 Re6 35. Ra7 Rd6 36. Rb7 Rc6 37. g4 hxg4+ 38. hxg4 fxg4+ 39. Kxg4 Re6
40. Rd7 Rxe3 41. Rxd5 Ra3 42. Rd6+ Ke7 43. Rxb6 Rxa4 44. Rb7+ Kf6 1/2-1/2

[Event "Schloss op 1st"]
[Site "Heusenstamm"]
[Date "2014.11.22"]
[Round "5.21"]
[White "Eg, Karlheinz"]
[Black "Benninger, Rudolf"]
[Result "1/2-1/2"]
[WhiteElo "1877"]
[BlackElo "2087"]
[PlyCount "50"]
[EventDate "2014.11.??"]
[EventType "swiss"]
[EventRounds "7"]
[EventCountry "GER"]
[WhiteTeam "SV Ruesselsheim"]
[BlackTeam "SC Heusenstamm"]

1. e4 g6 2. d4 Bg7 3. f4 c5 4. c3 cxd4 5. cxd4 d5 6. e5 Nc6 7. Nf3 Bg4 8. Bb5
e6 9. O-O Nge7 10. h3 Bxf3 11. Rxf3 O-O 12. Be3 f6 13. Nd2 fxe5 14. fxe5 Qb6
15. Bxc6 Nxc6 16. Nb3 Rxf3 17. Qxf3 Rf8 18. Qe2 Qc7 19. Nc5 Qe7 20. Qb5 b6 21.
Nd3 Qd7 22. Rc1 Nxe5 23. Qxd7 Nxd7 24. Rc7 Nb8 25. b4 Rf7 1/2-1/2

[Event "Schloss op 1st"]
[Site "Heusenstamm"]
[Date "2014.11.22"]
[Round "5.22"]
[White "Roemer, Torsten"]
[Black "Lotz, Ralf"]
[Result "1/2-1/2"]
[WhiteElo "2058"]
[BlackElo "1895"]
[PlyCount "43"]
[EventDate "2014.11.??"]
[EventType "swiss"]
[EventRounds "7"]
[EventCountry "GER"]
[WhiteTeam "SK Niederbrechen 1948"]
[BlackTeam "SC 1952 Obertshausen"]

1. d4 d5 2. Nf3 Nf6 3. Bf4 c6 4. e3 Bf5 5. Bd3 e6 6. O-O Be7 7. c4 Bxd3 8. Qxd3
O-O 9. Nc3 Nbd7 10. h3 dxc4 11. Qxc4 Nb6 12. Qb3 Nfd5 13. Bg3 Nxc3 14. bxc3 Qd5
15. Rfb1 Rac8 16. a4 Qa5 17. Rc1 Rfd8 18. Ne5 c5 19. Qb5 Qxb5 20. axb5 Ra8 21.
Nf3 Rdc8 22. Kf1 1/2-1/2

[Event "Schloss op 1st"]
[Site "Heusenstamm"]
[Date "2014.11.22"]
[Round "5.23"]
[White "Paeslack, Luis"]
[Black "Euler, Stephan"]
[Result "0-1"]
[WhiteElo "1777"]
[BlackElo "2030"]
[PlyCount "82"]
[EventDate "2014.11.??"]
[EventType "swiss"]
[EventRounds "7"]
[EventCountry "GER"]
[WhiteTeam "SK Mainaschaff"]
[BlackTeam "SC Ladja Rossdorf"]

1. e4 d5 2. exd5 Qxd5 3. Nc3 Qd6 4. d4 Nf6 5. Nf3 a6 6. Be3 b5 7. Be2 Bb7 8.
Qd2 e6 9. h3 Nbd7 10. O-O Be7 11. Rad1 O-O 12. a3 Rad8 13. Rfe1 Qc6 14. Qc1 Nb6
15. Bf1 Nbd5 16. Nxd5 Qxd5 17. c4 bxc4 18. Bxc4 Qc6 19. Be2 Qxc1 20. Rxc1 Nd5
21. Ne5 Bd6 22. Bf3 Nxe3 23. fxe3 Bxf3 24. gxf3 Bxe5 25. dxe5 Rd2 26. Rxc7 Rxb2
27. Ra7 Rc8 28. Kf1 Rh2 29. Rxa6 g6 30. Kg1 Rcc2 31. f4 Rcg2+ 32. Kf1 Ra2 33.
Kg1 Rxh3 34. Ra8+ Kg7 35. a4 h5 36. a5 h4 37. a6 Rg3+ 38. Kh1 Rgg2 39. f5 h3
40. f6+ Kh7 41. Rg1 Rh2# 0-1

[Event "Schloss op 1st"]
[Site "Heusenstamm"]
[Date "2014.11.22"]
[Round "5.24"]
[White "Baumgartl, Guenther"]
[Black "Modric, Vladimir"]
[Result "1-0"]
[WhiteElo "2060"]
[BlackElo "1888"]
[PlyCount "63"]
[EventDate "2014.11.??"]
[EventType "swiss"]
[EventRounds "7"]
[EventCountry "GER"]
[WhiteTeam "SC 1952 Obertshausen"]
[BlackTeam "SC 1965 Koenig Nied"]

1. e4 d6 2. d4 Nf6 3. Bd3 e5 4. Nf3 Nbd7 5. c3 Be7 6. h3 c6 7. Be3 Qc7 8. Nbd2
O-O 9. g4 Re8 10. g5 Nh5 11. Nxe5 Nxe5 12. dxe5 g6 13. Be2 Ng7 14. exd6 Bxd6
15. Bg4 Bf4 16. Qf3 Bxe3 17. Qxe3 Bf5 18. O-O-O Qa5 19. Kb1 Qa4 20. f3 Be6 21.
Bxe6 Nxe6 22. h4 Rad8 23. h5 Qb5 24. hxg6 fxg6 25. e5 Rd3 26. Qe2 Red8 27. c4
Qa4 28. b3 Qb4 29. Ne4 Nf4 30. Nf6+ Kf8 31. Rxd3 Rxd3 32. Qh2 1-0

[Event "Schloss op 1st"]
[Site "Heusenstamm"]
[Date "2014.11.22"]
[Round "5.25"]
[White "Schrader, Hans Joachim"]
[Black "Modanese, Augusto"]
[Result "1/2-1/2"]
[WhiteElo "2043"]
[BlackElo "1875"]
[PlyCount "108"]
[EventDate "2014.11.??"]
[EventType "swiss"]
[EventRounds "7"]
[EventCountry "GER"]
[WhiteTeam "SV Kinzigtal"]

1. e4 e6 2. d4 d5 3. Nc3 dxe4 4. Nxe4 Nd7 5. Nf3 Ngf6 6. Bd3 c5 7. Nxf6+ Nxf6
8. O-O cxd4 9. Nxd4 Bc5 10. Nb3 Bd6 11. Bg5 O-O 12. Bxf6 Qxf6 13. Bxh7+ Kxh7
14. Qxd6 Rd8 15. Qb4 Rd5 16. Qe4+ Kg8 17. Rad1 Rh5 18. Rd3 Rh4 19. f4 e5 20.
Qxe5 Qb6+ 21. Qe3 Bf5 22. Qxb6 axb6 23. Rd2 Rxa2 24. Nd4 Be4 25. c3 Rh6 26. Re1
Bc6 27. Nf5 Rf6 28. Ne7+ Kh7 29. f5 g6 30. Rf2 gxf5 31. Nxf5 Ra5 32. Nd4 Rxf2
33. Kxf2 Rg5 34. Nxc6 bxc6 35. Re3 Rd5 36. b4 c5 37. bxc5 Rxc5 38. g4 Rc4 39.
Kg3 b5 40. Rf3 Kg6 41. h4 b4 42. cxb4 Rxb4 43. h5+ Kg7 44. g5 Ra4 45. Rf4 Ra1
46. Kg4 Rb1 47. h6+ Kg8 48. Re4 Rg1+ 49. Kf5 Rf1+ 50. Rf4 Ra1 51. Kg4 Rg1+ 52.
Kh5 Rh1+ 53. Rh4 Rg1 54. Rh2 Ra1 1/2-1/2

[Event "Schloss op 1st"]
[Site "Heusenstamm"]
[Date "2014.11.22"]
[Round "5.26"]
[White "Blank, Stefan"]
[Black "Zweschper, Erich"]
[Result "0-1"]
[WhiteElo "1808"]
[BlackElo "2043"]
[PlyCount "68"]
[EventDate "2014.11.??"]
[EventType "swiss"]
[EventRounds "7"]
[EventCountry "GER"]
[WhiteTeam "SC Sulzbach"]
[BlackTeam "SVG Eppstein 1932"]

1. e4 d6 2. d4 g6 3. c4 Bg7 4. Nc3 Nd7 5. Be3 e6 6. Qd2 h6 7. f3 Ne7 8. Bd3 b6
9. Nge2 Bb7 10. b4 a5 11. b5 e5 12. d5 f5 13. g3 Nf6 14. O-O-O Qd7 15. h3 Bc8
16. Rdg1 Qd8 17. f4 fxe4 18. Nxe4 Nxe4 19. Bxe4 Bf5 20. Qd3 Qd7 21. g4 Bxe4 22.
Qxe4 O-O-O 23. fxe5 dxe5 24. Nc3 Qd6 25. Kc2 Rhf8 26. Qd3 Qa3 27. Qd2 Rf3 28.
Rb1 a4 29. Rbf1 Rdf8 30. Qe1 e4 31. Rxf3 Rxf3 32. Bd2 Bxc3 33. Bxc3 Qxa2+ 34.
Kd1 Qb3+ 0-1

[Event "Schloss op 1st"]
[Site "Heusenstamm"]
[Date "2014.11.22"]
[Round "5.27"]
[White "Weiss, Matthias"]
[Black "Kreyssig, Bruno"]
[Result "1/2-1/2"]
[WhiteElo "2042"]
[BlackElo "1875"]
[PlyCount "55"]
[EventDate "2014.11.??"]
[EventType "swiss"]
[EventRounds "7"]
[EventCountry "GER"]
[WhiteTeam "SF Schoeneck"]
[BlackTeam "SG Leipzig"]

1. e4 c5 2. c3 g6 3. d4 cxd4 4. cxd4 d5 5. exd5 Nf6 6. Nc3 Nxd5 7. Bc4 Nb6 8.
Bb3 Bg7 9. Be3 O-O 10. Nge2 Nc6 11. O-O Na5 12. Rc1 Nxb3 13. Qxb3 Be6 14. Qd1
Nd5 15. Nxd5 Bxd5 16. Nc3 Rc8 17. Qd2 Qd7 18. b3 Be6 19. d5 Bxc3 20. Rxc3 Qxd5
21. Qxd5 Bxd5 22. Rfc1 Rxc3 23. Rxc3 a6 24. Rc7 Rd8 25. f3 e5 26. Bg5 Re8 27.
Rd7 Bc6 28. Rd8 1/2-1/2

[Event "Schloss op 1st"]
[Site "Heusenstamm"]
[Date "2014.11.22"]
[Round "5.28"]
[White "Held, Carsten"]
[Black "Schindelmeiser, Frank"]
[Result "1-0"]
[WhiteElo "2033"]
[BlackElo "1834"]
[PlyCount "113"]
[EventDate "2014.11.??"]
[EventType "swiss"]
[EventRounds "7"]
[EventCountry "GER"]
[WhiteTeam "SC Ladja Rossdorf"]
[BlackTeam "SV Oberursel"]

1. Nf3 c5 2. c4 Nc6 3. g3 g6 4. Bg2 Bg7 5. Nc3 d6 6. O-O e5 7. d3 Nge7 8. Rb1
O-O 9. a3 f5 10. Ne1 Rb8 11. b4 b6 12. Bg5 Bb7 13. b5 Nd4 14. Bxb7 Rxb7 15. Nd5
Ne6 16. Bxe7 Rxe7 17. Nxe7+ Qxe7 18. a4 Qg5 19. Nf3 Qg4 20. Kg2 Nf4+ 21. Kh1
Nh3 22. Ng1 f4 23. e4 f3 24. Nxh3 Qxh3 25. Rg1 Bh6 26. a5 Bg5 27. axb6 axb6 28.
Ra1 h5 29. Ra6 Bd8 30. Qf1 Qd7 31. h3 g5 32. Kh2 g4 33. Qc1 Qg7 34. Ra8 Kh7 35.
Qa1 Qg5 36. Ra7+ Kg6 37. Qc1 Qf6 38. h4 Qe6 39. Ra8 Qd7 40. Qd2 Rf7 41. Rga1
Qe7 42. Rh1 Qd7 43. Kg1 Bf6 44. Kf1 Qb7 45. Ra6 Qb8 46. Ke1 Ra7 47. Qa2 Rf7 48.
Kd2 Bg7 49. Ra1 Bh6+ 50. Ke1 Qd8 51. Ra7 Rf8 52. Ra8 Qf6 53. Rxf8 Qxf8 54. Qa8
Qf7 55. Qd8 Qe6 56. Ra7 Bc1 57. Rd7 1-0

[Event "Schloss op 1st"]
[Site "Heusenstamm"]
[Date "2014.11.22"]
[Round "5.29"]
[White "Syed, Tareq"]
[Black "Berkes, Joerg"]
[Result "1/2-1/2"]
[WhiteElo "2033"]
[BlackElo "1775"]
[PlyCount "102"]
[EventDate "2014.11.??"]
[EventType "swiss"]
[EventRounds "7"]
[EventCountry "GER"]
[WhiteTeam "SC Brett vorm Kopp Ffm"]
[BlackTeam "SK Langen"]

1. d3 g6 2. g3 Bg7 3. Bg2 d5 4. Nc3 c6 5. Bd2 Qb6 6. Qc1 Nf6 7. Nd1 e5 8. Bh6
O-O 9. Bxg7 Kxg7 10. Nh3 Bg4 11. f3 Bxh3 12. Bxh3 e4 13. dxe4 dxe4 14. f4 Nbd7
15. Qd2 Rad8 16. Qc3 Kg8 17. Bxd7 Nd5 18. Qd2 Rxd7 19. Kf1 Nf6 20. Qc3 Ng4 21.
Kg2 Rfd8 22. h3 Rxd1 23. hxg4 Rxa1 24. Rxa1 Qb5 25. Kh3 h5 26. Re1 Qd5 27. gxh5
Qxh5+ 28. Kg2 Qd5 29. Kf2 Re8 30. g4 e3+ 31. Kg3 Re6 32. Qd3 f5 33. g5 Kf7 34.
Rd1 Qxd3 35. Rxd3 c5 36. Kf3 Rb6 37. Rb3 Rxb3 38. axb3 b5 39. c4 a6 40. Kxe3
Ke6 41. Kd3 b4 42. e3 a5 43. e4 Ke7 44. exf5 gxf5 45. Ke3 Kf7 46. Kf3 Kg7 47.
Kg3 Kf7 48. Kh3 Kg7 49. Kg2 Kf7 50. Kg3 Kg7 51. Kh3 Kf7 1/2-1/2

[Event "Schloss op 1st"]
[Site "Heusenstamm"]
[Date "2014.11.22"]
[Round "5.30"]
[White "Krueger, Till"]
[Black "Bunjaku, Lulzim"]
[Result "1-0"]
[WhiteElo "2016"]
[BlackElo "1802"]
[PlyCount "75"]
[EventDate "2014.11.??"]
[EventType "swiss"]
[EventRounds "7"]
[EventCountry "GER"]
[WhiteTeam "SC Nidderau"]
[BlackTeam "SC Heusenstamm"]

1. e4 c5 2. Nf3 Nc6 3. Bb5 d6 4. O-O e5 5. h3 Be7 6. c3 a6 7. Bd3 b5 8. Bc2 Bf6
9. d3 Nge7 10. Be3 O-O 11. Qe2 g6 12. Nbd2 Bg7 13. a4 b4 14. Nc4 a5 15. Bb3 Rb8
16. Rab1 h6 17. Nh2 Kh7 18. f4 f5 19. fxe5 Nxe5 20. Nxe5 Bxe5 21. d4 Bxh2+ 22.
Kxh2 Bb7 23. dxc5 dxc5 24. Rbd1 Qc8 25. Bf4 Ra8 26. exf5 Nxf5 27. Be6 Qc6 28.
Rd7+ Ng7 29. Be5 Qxd7 30. Bxd7 Nf5 31. Bxf5 gxf5 32. Qb5 Rf7 33. Qxc5 Rg8 34.
Rf2 bxc3 35. Bxc3 Be4 36. Qc4 Rd7 37. Qe6 Rd3 38. Qf7+ 1-0

[Event "Schloss op 1st"]
[Site "Heusenstamm"]
[Date "2014.11.22"]
[Round "5.31"]
[White "Foermes, Alexander"]
[Black "Sanati, Charlotte"]
[Result "1/2-1/2"]
[WhiteElo "2012"]
[BlackElo "1776"]
[PlyCount "82"]
[EventDate "2014.11.??"]
[EventType "swiss"]
[EventRounds "7"]
[EventCountry "GER"]
[WhiteTeam "SK Marburg 1931/72"]
[BlackTeam "SG Trier"]

1. c4 c6 2. g3 Nf6 3. Nf3 d5 4. Bg2 Bf5 5. cxd5 cxd5 6. Qb3 Qc7 7. Nc3 e6 8. d3
Nc6 9. O-O Be7 10. Bf4 Qd7 11. h3 O-O 12. Nh4 Bg6 13. Nxg6 hxg6 14. Rac1 Rac8
15. e4 d4 16. Ne2 Na5 17. Qd1 Rxc1 18. Bxc1 Rc8 19. a3 Nc6 20. b4 b5 21. Bb2 a5
22. bxa5 Ra8 23. Qc2 Rxa5 24. Rc1 Ra6 25. f4 Kh7 26. Qb3 Na5 27. Qa2 Rc6 28.
Rxc6 Nxc6 29. Qb3 b4 30. axb4 Bxb4 31. Qc4 Bd2 32. Kh2 Be3 33. e5 Nd5 34. Nxd4
Nxd4 35. Bxd4 Bxd4 36. Qxd4 Qb5 37. Bxd5 exd5 38. Kg2 Qb3 39. g4 Qd1 40. Qxd5
Qe2+ 41. Kg3 Qe1+ 1/2-1/2